<?xml version="1.0" encoding="UTF-8"?>
<record
    xmlns:xsi="http://www.w3.org/2001/XMLSchema-instance"
    xsi:schemaLocation="http://www.loc.gov/MARC21/slim http://www.loc.gov/standards/marcxml/schema/MARC21slim.xsd"
    xmlns="http://www.loc.gov/MARC21/slim">

  <leader>01149nam a2200253Ia 4500</leader>
  <datafield tag="999" ind1=" " ind2=" ">
    <subfield code="c">37267</subfield>
    <subfield code="d">37267</subfield>
  </datafield>
  <controlfield tag="001">3226</controlfield>
  <controlfield tag="003">GE_BSU</controlfield>
  <controlfield tag="005">20221102111307.0</controlfield>
  <controlfield tag="008">181216s1997ru  xx |||||||||||||| ||rus||</controlfield>
  <datafield tag="020" ind1=" " ind2=" ">
    <subfield code="a">0582231604; 5851730633</subfield>
  </datafield>
  <datafield tag="040" ind1=" " ind2=" ">
    <subfield code="c">GE_BSU</subfield>
  </datafield>
  <datafield tag="041" ind1=" " ind2=" ">
    <subfield code="a">rus</subfield>
    <subfield code="h">eng</subfield>
  </datafield>
  <datafield tag="082" ind1=" " ind2=" ">
    <subfield code="2">338(075.8) &#x422;-50</subfield>
  </datafield>
  <datafield tag="100" ind1=" " ind2=" ">
    <subfield code="a">&#x422;&#x43E;&#x434;&#x430;&#x440;&#x43E;, &#x41C;.&#x41F;.</subfield>
    <subfield code="9">15721</subfield>
  </datafield>
  <datafield tag="245" ind1=" " ind2=" ">
    <subfield code="a">&#x42D;&#x43A;&#x43E;&#x43D;&#x43E;&#x43C;&#x438;&#x447;&#x435;&#x441;&#x43A;&#x43E;&#x435; &#x440;&#x430;&#x437;&#x432;&#x438;&#x442;&#x438;&#x435;=Economic :</subfield>
    <subfield code="b">Devlopment &#x423;&#x447;&#x435;&#x431;&#x43D;&#x438;&#x43A; /</subfield>
    <subfield code="c">&#x41C;.&#x41F;. &#x422;&#x43E;&#x434;&#x430;&#x440;&#x43E;,&#x41F;&#x435;&#x440;.&#x441; &#x430;&#x43D;&#x433;&#x43B;.&#x43F;&#x43E;&#x434;. &#x440;&#x435;&#x434;.  &#x421;.&#x41C;. &#x42F;&#x43A;&#x43E;&#x432;&#x43B;&#x435;&#x432;&#x430;, &#x41B;. &#x417; &#x417;&#x435;&#x432;&#x438;&#x43D;&#x430;, &#x413;&#x43B;. &#x440;&#x435;&#x434; &#x438;&#x437;&#x434;.&#x41D;.&#x414;..&#x42D;&#x440;&#x438;&#x430;&#x448;&#x432;&#x438;&#x43B;&#x438;</subfield>
  </datafield>
  <datafield tag="264" ind1=" " ind2=" ">
    <subfield code="a">&#x41C;&#x43E;&#x441;&#x43A;&#x432;&#x430; :</subfield>
    <subfield code="b">&#x42D;&#x43A;&#x435;&#x43E;&#x43D;&#x43E;&#x43C;&#x438;&#x447;&#x435;&#x441;&#x43A;&#x438;&#x438; &#x444;&#x430;&#x43A;&#x443;&#x43B;&#x44C;&#x442;&#x435;&#x442; &#x41C;&#x413;&#x423;, &#x42E;&#x41D;&#x418;&#x422;&#x418;,</subfield>
    <subfield code="c">1997.</subfield>
  </datafield>
  <datafield tag="300" ind1=" " ind2=" ">
    <subfield code="a">671 &#x441;&#x442;.:</subfield>
    <subfield code="b">26 &#x441;&#x43C;.</subfield>
  </datafield>
  <datafield tag="653" ind1=" " ind2=" ">
    <subfield code="a">&#x42D;&#x43A;&#x43E;&#x43D;&#x43E;&#x43C;&#x438;&#x447;&#x435;&#x441;&#x43A;&#x43E;&#x435; &#x440;&#x430;&#x437;&#x432;&#x438;&#x442;&#x438;&#x435;</subfield>
  </datafield>
  <datafield tag="653" ind1=" " ind2=" ">
    <subfield code="a">&#x1C94;&#x10D9;&#x10DD;&#x10DC;&#x10DD;&#x10DB;&#x10D8;&#x10D9;&#x10E3;&#x10E0;&#x10D8; &#x10D2;&#x10D0;&#x10DC;&#x10D5;&#x10D8;&#x10D7;&#x10D0;&#x10E0;&#x10D4;&#x10D1;&#x10D0;</subfield>
  </datafield>
  <datafield tag="700" ind1=" " ind2=" ">
    <subfield code="a">&#x42F;&#x43A;&#x43E;&#x432;&#x43B;&#x435;&#x432;&#x430;, &#x421;.&#x41C;.</subfield>
    <subfield code="e">&#x10E0;&#x10D4;&#x10D3;&#x10D0;&#x10E5;&#x10E2;&#x10DD;&#x10E0;&#x10D8;</subfield>
    <subfield code="9">15722</subfield>
  </datafield>
  <datafield tag="700" ind1=" " ind2=" ">
    <subfield code="a">&#x417;&#x435;&#x432;&#x438;&#x43D;&#x430;, &#x41B;. &#x417;</subfield>
    <subfield code="e">&#x10E0;&#x10D4;&#x10D3;&#x10D0;&#x10E5;&#x10E2;&#x10DD;&#x10E0;&#x10D8;</subfield>
    <subfield code="9">15723</subfield>
  </datafield>
  <datafield tag="700" ind1=" " ind2=" ">
    <subfield code="a">&#x42D;&#x440;&#x438;&#x430;&#x448;&#x432;&#x438;&#x43B;&#x438;, &#x41D;.&#x414;.</subfield>
    <subfield code="e">&#x10DB;&#x10D7;&#x10D0;&#x10D5;&#x10D0;&#x10E0;&#x10D8; &#x10E0;&#x10D4;&#x10D3;&#x10D0;&#x10E5;&#x10E2;&#x10DD;&#x10E0;&#x10D8; </subfield>
    <subfield code="9">6779</subfield>
  </datafield>
  <datafield tag="942" ind1=" " ind2=" ">
    <subfield code="c">BK</subfield>
    <subfield code="2">udc</subfield>
  </datafield>
  <datafield tag="952" ind1=" " ind2=" ">
    <subfield code="0">0</subfield>
    <subfield code="1">0</subfield>
    <subfield code="2">udc</subfield>
    <subfield code="4">0</subfield>
    <subfield code="7">0</subfield>
    <subfield code="9">37147</subfield>
    <subfield code="a">CPL</subfield>
    <subfield code="b">CPL</subfield>
    <subfield code="c">GEN</subfield>
    <subfield code="d">2018-12-17</subfield>
    <subfield code="g">29.00</subfield>
    <subfield code="p">7809</subfield>
    <subfield code="r">2018-12-17</subfield>
    <subfield code="t">7809</subfield>
    <subfield code="w">2018-12-17</subfield>
    <subfield code="y">BK</subfield>
    <subfield code="z">29&#x10DA;. 15&#x10D7;.</subfield>
  </datafield>
  <datafield tag="952" ind1=" " ind2=" ">
    <subfield code="0">0</subfield>
    <subfield code="1">0</subfield>
    <subfield code="2">udc</subfield>
    <subfield code="4">0</subfield>
    <subfield code="7">0</subfield>
    <subfield code="9">37148</subfield>
    <subfield code="a">CPL</subfield>
    <subfield code="b">CPL</subfield>
    <subfield code="c">GEN</subfield>
    <subfield code="d">2018-12-17</subfield>
    <subfield code="g">29.00</subfield>
    <subfield code="p">7810</subfield>
    <subfield code="r">2018-12-17</subfield>
    <subfield code="t">7810</subfield>
    <subfield code="w">2018-12-17</subfield>
    <subfield code="y">BK</subfield>
    <subfield code="z">29&#x10DA;.15&#x10D7;.</subfield>
  </datafield>
</record>
